Welcome to CU Library Online Public Access Catalogue (OPAC)

The Chambers Dictionary (Record no. 353)

MARC details
000 -LEADER
fixed length control field 00647cam a2200205 4500
001 - CONTROL NUMBER
control field FRBNF371747800000001
003 - CONTROL NUMBER IDENTIFIER
control field http://catalogue.bnf.fr/ark:/12148/cb37174780b
005 - DATE AND TIME OF LATEST TRANSACTION
control field 20241029172440.0
008 - FIXED-LENGTH DATA ELEMENTS--GENERAL INFORMATION
fixed length control field 241029b |||||||| |||| 00| 0 eng d
020 ## - INTERNATIONAL STANDARD BOOK NUMBER
International Standard Book Number 055014000X
050 ## - LIBRARY OF CONGRESS CALL NUMBER
Classification number PE1625
100 ## - MAIN ENTRY--PERSONAL NAME
Personal name 19990127d1998 m y0frey50 ba
245 ## - TITLE STATEMENT
Title The Chambers Dictionary
250 ## - EDITION STATEMENT
Edition statement 2nd
260 ## - PUBLICATION, DISTRIBUTION, ETC.
Place of publication, distribution, etc. Great Britain
Name of publisher, distributor, etc. Chambers Harrap Publishers Ltd
Date of publication, distribution, etc. c1999
300 ## - PHYSICAL DESCRIPTION
Extent xxxi, 1984 pages
Dimensions 24cm
650 ## - SUBJECT ADDED ENTRY--TOPICAL TERM
Source of heading or term English Dictionary
Topical term or geographic name entry element Great Britain
710 ## - ADDED ENTRY--CORPORATE NAME
Materials specified 12183283
Arranged statement for music ISNI000000040398368X
Corporate name or jurisdiction name as entry element Chambers Harrap
Relationship 070
942 ## - ADDED ENTRY ELEMENTS (KOHA)
Source of classification or shelving scheme Library of Congress Classification
Koha item type Books
Edition 2nd
Suppress in OPAC No
999 ## -
-- 353
-- 353
Holdings
Withdrawn status Lost status Source of classification or shelving scheme Damaged status Not for loan Collection Home library Current library Shelving location Date acquired Total checkouts Full call number Barcode Date last seen Copy number Price effective from Koha item type
    Library of Congress Classification     Non-fiction Law Library (Miotso) Law Library (Miotso) Reference 10/29/2024   PE1625 CAM llm00000318 10/29/2024 1 10/29/2024 Books
© 2023-2024 Copyright: Central University Libraries. All Rights Reserved | Created by: Mahone Tech Office